Prācya jīvanaśailiko eka sūtra Daśaiṃ : vaidika, tāntrika vidhikā kehī mantrasahita anucintanamā ādhārita /

On the religious significance of Dashain, Hindu religious festival of Nepal.

Saved in:
Bibliographic Details
Main Author: Panta, Vedarāja, (Author)
Format: Book
Language:Nepali
Sanskrit
Published: Udipura, Lamajuṅa : Savitā Prakāśana, 2070 [2013]
Subjects:
Tags: Add Tag
No Tags, Be the first to tag this record!
LEADER 01944cam a2200433 i 4500
001 014502209-9
005 20160307025007.1
008 141218s2013 np a 000 0 nepo
010 |a  2014359356 
020 |a 9789937272254 
020 |a 9937272254 
025 |a N-N-2014-359356; 03 
035 0 |a ocn898408567 
037 |b Library of Congress -- New Delhi Overseas Office 
040 |a DLC  |b eng  |e rda  |c DLC  |d UIU 
041 0 |a nep  |a san 
042 |a lcode  |a pcc 
043 |a a-np--- 
050 0 0 |a BL1239.78.N35  |b P36 2013 
100 1 |6 880-01  |a Panta, Vedarāja,  |e author. 
245 1 0 |6 880-02  |a Prācya jīvanaśailiko eka sūtra Daśaiṃ :  |b vaidika, tāntrika vidhikā kehī mantrasahita anucintanamā ādhārita /  |c Vedarāja Panta. 
246 3 0 |a Daśaiṃ 
264 1 |6 880-03  |a Udipura, Lamajuṅa :  |b Savitā Prakāśana,  |c 2070 [2013] 
300 |a ka-pha, 151 pages :  |b illustrations ;  |c 22 cm 
336 |a text  |b txt  |2 rdacontent 
337 |a unmediated  |b n  |2 rdamedia 
338 |a volume  |b nc  |2 rdacarrier 
520 |a On the religious significance of Dashain, Hindu religious festival of Nepal. 
546 |a In Nepali; includes passages in Sanskrit. 
651 0 |a Nepal  |x Religious life and customs. 
650 0 |a Fasts and feasts  |z Nepal 
650 0 |a Festivals  |z Nepal. 
650 0 |a Durgā-pūjā (Hindu festival)  |z Nepal. 
650 0 |a Fasts and feasts  |z Nepal  |x Hinduism. 
880 1 |6 100-01  |a पन्त, वेदराज,  |e author. 
880 1 0 |6 245-02  |a प्राच्य जीवनशैलीको एक सूत्र दशैं :  |b वैदिक, तान्त्रिक विधिका केही मन्त्रसहित अनुचिन्तनमा आधरित /  |c प्रस्तोता वेदराज पन्त. 
880 1 |6 264-03  |a उदिपूर, लमजुङ :  |b सवित प्रकसन,  |c 2070 [2013] 
988 |a 20151009 
906 |0 DLC